[Event "UK Women's Blitz Championship"]
[Site "Leamington"]
[Date "2025.11.22"]
[Round "12.5"]
[White "Bahtiyorova, Nodirabegim"]
[Black "Dicen, Elis Denele"]
[Result "0-1"]
[WhiteElo "1817"]
[BlackElo "2076"]
[PlyCount "84"]
[EventDate "2025.11.22"]
[EventType "tourn (blitz)"]
[EventRounds "15"]
[EventCountry "GBR"]
[SourceTitle "BritBase"]
[Source "John Saunders"]
[SourceDate "2025.11.23"]
[SourceVersion "1"]
[SourceVersionDate "2025.11.23"]
[SourceQuality "1"]

1. e4 c5 2. Nf3 Nc6 3. d4 cxd4 4. Nxd4 g6 5. c4 Nf6 6. Nc3 d6 7. Be2 Nxd4 8. Qxd4 Bg7 9. Qd3 O-O 10. O-O Bd7 11. Be3 a5 12. Bd4 Bc6 13. Nd5 Bxd5 14. exd5 Nd7 15. Bxg7 Kxg7 16. Qd4+ f6 17. b3 Qc7 18. Rfe1 Qc5 19. Qd2 b6 20. Bd3 Rf7 21. Re3 Ne5 22. Bc2 b5 23. cxb5 Qxb5 24. Be4 Qb6 25. Kh1 f5 26. Bf3 f4 27. Rc3 a4 28. Rac1 axb3 29. axb3 Ra7 30. Be4 Qb4 31. Qc2 Rb7 32. Bf3 Qd4 33. Rd1 Qb6 34. Rb1 Qb4 35. Ra1 g5 36. h3 h6 37. Ra4 Qb6 38. Ra1 Nd7 39. Be4 Nc5 40. Rb1 Nxe4 41. Qxe4 Qb4 42. Rd3 Qxe4 0-1

[Event "UK Women's Blitz Championship"]
[Site "Leamington"]
[Date "2025.11.22"]
[Round "12.6"]
[White "Rida, Ruqayyah"]
[Black "Karas, Eugenia"]
[Result "0-1"]
[WhiteElo "2072"]
[BlackElo "2019"]
[PlyCount "148"]
[EventDate "2025.11.22"]
[EventType "tourn (blitz)"]
[EventRounds "15"]
[EventCountry "GBR"]
[SourceTitle "BritBase"]
[Source "John Saunders"]
[SourceDate "2025.11.23"]
[SourceVersion "1"]
[SourceVersionDate "2025.11.23"]
[SourceQuality "1"]

1. e4 c5 2. Nf3 d6 3. d4 cxd4 4. Nxd4 Nf6 5. Nc3 a6 6. f3 e5 7. Nb3 h5 8. Be3 Be6 9. Qd2 Nbd7 10. O-O-O Qc7 11. h4 Be7 12. f4 exf4 13. Bxf4 Ne5 14. Nd5 Bxd5 15. exd5 Rc8 16. c3 Nfg4 17. Nd4 O-O 18. Nf3 b5 19. Bxe5 Qa5 20. Bd4 Qxa2 21. Qc2 b4 22. b3 Qa1+ 23. Qb1 Qa5 24. c4 Bf6 25. Qb2 Bxd4 26. Rxd4 Rfe8 27. Bd3 Re3 28. Bf5 Rce8 29. Bxg4 hxg4 30. Nd2 Rc3+ 31. Kb1 Re2 32. Re4 Rxe4 33. Nxe4 Re3 34. Nd2 Qd8 35. Qc1 Qf6 36. Re1 Qg6+ 37. Kb2 Qf6+ 38. Ka2 Rc3 39. Qb2 Qxh4 40. Ne4 Qxe1 41. Nxc3 bxc3 42. Qc2 Qd2 43. Kb1 Qe1+ 44. Qc1 Qe4+ 45. Ka1 c2 46. Kb2 g3 47. Qxc2 Qf4 48. b4 Qd4+ 49. Kb3 Qe3+ 50. Ka2 Qf2 51. Kb2 Qd4+ 52. Kb3 Qe3+ 53. Kb2 g6 54. c5 Qd4+ 55. Qc3 Qxd5 56. c6 Qxg2+ 57. Ka3 Qh3 58. c7 Qc8 59. Qc6 g2 60. Qb6 g1=Q 61. Qxg1 Qxc7 62. Qe3 d5 63. Qd4 Qd6 64. Kb3 Qc6 65. Qe5 Qc4+ 66. Ka3 Qd3+ 67. Ka2 Qe4 68. Qb8+ Kg7 69. Qb7 Qc4+ 70. Ka3 d4 71. Qe7 Qc1+ 72. Kb3 Qe3+ 73. Qxe3 dxe3 74. Kc3 f5 0-1

[Event "UK Women's Blitz Championship"]
[Site "Leamington"]
[Date "2025.11.22"]
[Round "12.7"]
[White "Hryshchenko, Kamila"]
[Black "Pyun, Lindsay"]
[Result "1-0"]
[WhiteElo "2062"]
[BlackElo "1796"]
[PlyCount "71"]
[EventDate "2025.11.22"]
[EventType "tourn (blitz)"]
[EventRounds "15"]
[EventCountry "GBR"]
[SourceTitle "BritBase"]
[Source "John Saunders"]
[SourceDate "2025.11.23"]
[SourceVersion "1"]
[SourceVersionDate "2025.11.23"]
[SourceQuality "1"]

1. e4 e5 2. Nf3 Nc6 3. Bb5 a6 4. Ba4 Nf6 5. d4 exd4 6. O-O Nxe4 7. Re1 d5 8. Nxd4 Bd6 9. g3 Qf6 10. Be3 Bd7 11. Bxc6 bxc6 12. f3 O-O 13. fxe4 dxe4 14. c3 Rfe8 15. Nd2 h6 16. Qc2 Qg6 17. Ne2 f5 18. Nf4 Qf7 19. Qb3 Qxb3 20. Nxb3 g5 21. Ne2 a5 22. Nbd4 c5 23. Nc2 a4 24. Na3 Be6 25. Red1 Kf7 26. Kg2 Red8 27. Nb5 Rab8 28. Nxd6+ cxd6 29. Rd2 d5 30. Bxc5 Rdc8 31. Be3 Rc4 32. Nd4 Rbc8 33. Rf1 R4c7 34. Nxf5 Bxf5 35. Rxf5+ Ke6 36. Rfxd5 1-0

[Event "UK Women's Blitz Championship"]
[Site "Leamington"]
[Date "2025.11.22"]
[Round "12.8"]
[White "Nguyen, Hong Nhung"]
[Black "Tamilselvan, Tara"]
[Result "1-0"]
[WhiteElo "2190"]
[BlackElo "1887"]
[PlyCount "93"]
[EventDate "2025.11.22"]
[EventType "tourn (blitz)"]
[EventRounds "15"]
[EventCountry "GBR"]
[SourceTitle "BritBase"]
[Source "John Saunders"]
[SourceDate "2025.11.23"]
[SourceVersion "1"]
[SourceVersionDate "2025.11.23"]
[SourceQuality "1"]

1. e4 e5 2. Nf3 Nf6 3. Nxe5 d6 4. Nf3 Nxe4 5. Nc3 Nxc3 6. dxc3 Nc6 7. Be3 Be7 8. Bd3 Bg4 9. h3 Bh5 10. g4 Bg6 11. Qd2 Qd7 12. O-O-O O-O-O 13. Rhe1 Qe6 14. Kb1 Bxd3 15. Qxd3 Qd7 16. Qc4 Rhf8 17. Qa4 Kb8 18. Qe4 h6 19. Nd4 Nxd4 20. Qxd4 c5 21. Qxg7 h5 22. gxh5 Qxh3 23. h6 Qf5 24. Qg3 Ka8 25. a3 a6 26. Bf4 Rd7 27. Rh1 Qh7 28. Qg7 Rh8 29. Rdg1 Ka7 30. Qxh7 Rxh7 31. Rg7 Rh8 32. Rxf7 Rc7 33. h7 Kb6 34. Rg1 Bd8 35. Rxc7 Bxc7 36. Rg7 Kc6 37. Bg5 d5 38. Bf6 Bd6 39. Rf7 Rc8 40. h8=Q Rxh8 41. Bxh8 d4 42. cxd4 cxd4 43. Bxd4 b5 44. Rf6 Kd5 45. Be3 Be5 46. Rxa6 Ke4 47. Rb6 1-0

[Event "UK Women's Blitz Championship"]
[Site "Leamington"]
[Date "2025.11.22"]
[Round "13.1"]
[White "Tamilselvan, Tara"]
[Black "Orlovska, Madara"]
[Result "0-1"]
[WhiteElo "1887"]
[BlackElo "2052"]
[PlyCount "114"]
[EventDate "2025.11.22"]
[EventType "tourn (blitz)"]
[EventRounds "15"]
[EventCountry "GBR"]
[SourceTitle "BritBase"]
[Source "John Saunders"]
[SourceDate "2025.11.23"]
[SourceVersion "1"]
[SourceVersionDate "2025.11.23"]
[SourceQuality "1"]

1. d4 Nf6 2. c4 g6 3. Nc3 Bg7 4. e4 d6 5. h3 O-O 6. Be3 e5 7. Nf3 Nbd7 8. d5 a5 9. g4 h5 10. g5 Nh7 11. h4 b6 12. Bh3 Nc5 13. Bxc5 bxc5 14. Qe2 Rb8 15. b3 Bd7 16. Rd1 Qc8 17. Bxd7 Qxd7 18. Nb5 Rfe8 19. Rg1 Qh3 20. Rg3 Qd7 21. Qe3 a4 22. Rd2 axb3 23. axb3 Ra8 24. Ke2 Ra1 25. Qc3 Rea8 26. Ne1 Nf8 27. Nc2 R1a2 28. Ne3 Ra1 29. Nc2 R1a2 30. Rg1 Qc8 31. Ne3 Rxd2+ 32. Qxd2 Nd7 33. Rb1 f6 34. gxf6 Nxf6 35. Rg1 Kh7 36. Qc2 Bh6 37. f3 Qd8 38. Qd2 Nd7 39. Qc2 Qxh4 40. Nxc7 Qh2+ 41. Rg2 Qh3 42. Nxa8 Bxe3 43. Kxe3 Nf6 44. Qf2 Ng4+ 45. Rxg4 hxg4 46. Nc7 g3 47. Qg1 Qh2 48. Qe1 g2 49. Kf2 Qh4+ 50. Ke2 Qxe1+ 51. Kxe1 g1=Q+ 52. Ke2 Qg2+ 53. Ke3 Qg5+ 54. Ke2 Qg2+ 55. Ke3 Qc2 56. Nb5 Qxb3+ 57. Nc3 Qxc3+ 0-1

[Event "UK Women's Blitz Championship"]
[Site "Leamington"]
[Date "2025.11.22"]
[Round "13.2"]
[White "Pyun, Lindsay"]
[Black "Nguyen, Hong Nhung"]
[Result "0-1"]
[WhiteElo "1796"]
[BlackElo "2190"]
[PlyCount "50"]
[EventDate "2025.11.22"]
[EventType "tourn (blitz)"]
[EventRounds "15"]
[EventCountry "GBR"]
[SourceTitle "BritBase"]
[Source "John Saunders"]
[SourceDate "2025.11.23"]
[SourceVersion "1"]
[SourceVersionDate "2025.11.23"]
[SourceQuality "1"]

1. e4 c5 2. Nc3 e6 3. f4 a6 4. a4 Nc6 5. Nf3 Nf6 6. d3 d5 7. e5 Ng8 8. Be2 Be7 9. O-O Nh6 10. Kh1 Rb8 11. Qe1 O-O 12. Nd1 b5 13. Ne3 Nd4 14. Nxd4 cxd4 15. Ng4 Nf5 16. Bf3 Bd7 17. axb5 axb5 18. Nf2 Qb6 19. Nd1 Rfc8 20. Qe2 b4 21. Bg4 b3 22. c3 dxc3 23. Nxc3 Nd4 24. Qd2 Bb4 25. Bf3 Nb5 0-1

[Event "UK Women's Blitz Championship"]
[Site "Leamington"]
[Date "2025.11.22"]
[Round "13.3"]
[White "Karas, Eugenia"]
[Black "Hryshchenko, Kamila"]
[Result "0-1"]
[WhiteElo "2019"]
[BlackElo "2062"]
[PlyCount "68"]
[EventDate "2025.11.22"]
[EventType "tourn (blitz)"]
[EventRounds "15"]
[EventCountry "GBR"]
[SourceTitle "BritBase"]
[Source "John Saunders"]
[SourceDate "2025.11.23"]
[SourceVersion "1"]
[SourceVersionDate "2025.11.23"]
[SourceQuality "1"]

1. Nf3 d6 2. d4 g6 3. b3 Bg7 4. Bb2 Nf6 5. e3 O-O 6. Be2 Nbd7 7. O-O c6 8. c4 Re8 9. Nbd2 e5 10. dxe5 dxe5 11. Qc2 Qe7 12. Rac1 b6 13. a3 Bb7 14. b4 c5 15. b5 Qd6 16. e4 Nf8 17. Rcd1 Qc7 18. Rfe1 Nh5 19. g3 Ne6 20. a4 Rad8 21. Bf1 Nd4 22. Nxd4 exd4 23. Qd3 Nf6 24. Bg2 Ng4 25. Nf1 Qb8 26. f4 Qa8 27. Ba1 f5 28. h3 fxe4 29. Bxe4 Bxe4 30. Rxe4 Qxe4 31. hxg4 Qxd3 32. Rxd3 Re1 33. Bb2 Rde8 34. Kf2 R1e2+ 0-1

[Event "UK Women's Blitz Championship"]
[Site "Leamington"]
[Date "2025.11.22"]
[Round "13.4"]
[White "Dicen, Elis Denele"]
[Black "Rida, Ruqayyah"]
[Result "1-0"]
[WhiteElo "2076"]
[BlackElo "2072"]
[PlyCount "151"]
[EventDate "2025.11.22"]
[EventType "tourn (blitz)"]
[EventRounds "15"]
[EventCountry "GBR"]
[SourceTitle "BritBase"]
[Source "John Saunders"]
[SourceDate "2025.11.23"]
[SourceVersion "1"]
[SourceVersionDate "2025.11.23"]
[SourceQuality "1"]

1. Nf3 Nf6 2. c4 g6 3. Nc3 Bg7 4. d4 O-O 5. Bg5 h6 6. Bh4 d6 7. e3 c5 8. d5 Qa5 9. Bd3 e6 10. dxe6 Bxe6 11. O-O Nc6 12. a3 g5 13. Bg3 Rad8 14. Qc2 d5 15. cxd5 Nxd5 16. Nxd5 Bxd5 17. Nd2 Qb6 18. Rab1 Ne5 19. Bxe5 Bxe5 20. Nc4 Bxc4 21. Bxc4 Qc6 22. Qf5 Bg7 23. Bd3 Qg6 24. Qxg6 fxg6 25. Bxg6 Rd2 26. b3 Rfd8 27. Be4 b5 28. Rbc1 c4 29. bxc4 Bb2 30. Rc2 Rxc2 31. Bxc2 bxc4 32. Rd1 Rb8 33. a4 Bf6 34. g3 Rb2 35. Rc1 c3 36. Be4 Rd2 37. Rc2 Rd1+ 38. Kg2 Kf7 39. h3 Ke6 40. Kf3 Kd6 41. Ke2 Ra1 42. Kd3 Rxa4 43. f4 Ra1 44. Kc4 Ra4+ 45. Kd3 Rb4 46. Ra2 Rb2 47. Rxa7 Rd2+ 48. Kc4 c2 49. Bxc2 Rxc2+ 50. Kd3 Rh2 51. Ra6+ Ke7 52. Ra7+ Ke6 53. Ra6+ Kf7 54. f5 Rxh3 55. g4 Rg3 56. Ra4 Be5 57. Ke2 Rg2+ 58. Kf3 Rd2 59. Ra7+ Kf8 60. Ke4 Bf6 61. Ra6 Kf7 62. Ra7+ Be7 63. Ke5 Rb2 64. e4 Rb6 65. Rd7 Ke8 66. Ra7 Bc5 67. Kd5 Rb5 68. Ra8+ Kf7 69. Kc6 Rb4 70. Kxc5 Rxe4 71. Ra7+ Kf8 72. Kd5 Rxg4 73. Ke6 Re4+ 74. Kf6 g4 75. Rh7 g3 76. Rh8# 1-0

[Event "UK Women's Blitz Championship"]
[Site "Leamington"]
[Date "2025.11.22"]
[Round "13.5"]
[White "Hariharan, Shambavi"]
[Black "Bahtiyorova, Nodirabegim"]
[Result "1-0"]
[WhiteElo "1978"]
[BlackElo "1817"]
[PlyCount "66"]
[EventDate "2025.11.22"]
[EventType "tourn (blitz)"]
[EventRounds "15"]
[EventCountry "GBR"]
[SourceTitle "BritBase"]
[Source "John Saunders"]
[SourceDate "2025.11.23"]
[SourceVersion "1"]
[SourceVersionDate "2025.11.23"]
[SourceQuality "1"]

1. d4 d5 2. c4 e6 3. Nc3 a6 4. cxd5 exd5 5. Nf3 Nf6 6. Bg5 c6 7. e3 Be7 8. Bd3 O-O 9. Qc2 h6 10. Bh4 Re8 11. O-O Nbd7 12. Rae1 Nf8 13. Nd2 Be6 14. f4 Rc8 15. Nf3 c5 16. Qe2 c4 17. Bb1 Bg4 18. h3 Bxf3 19. Qxf3 Ne4 20. Nxe4 dxe4 21. Bxe4 Bxh4 22. g3 Bxg3 23. Re2 Bh4 24. Bxb7 Rb8 25. Bxa6 Qc7 26. Rc1 Ne6 27. Bxc4 Qe7 28. Rg2 Bf6 29. b3 Rec8 30. Re1 Qd8 31. Qe4 Qd6 32. Qf5 Kf8 33. Qh7 Ke7 1-0

[Event "UK Women's Blitz Championship"]
[Site "Leamington"]
[Date "2025.11.22"]
[Round "13.6"]
[White "Barwick, Carmel J"]
[Black "Yuan, Alice"]
[Result "1-0"]
[WhiteElo "1831"]
[BlackElo "1586"]
[PlyCount "35"]
[EventDate "2025.11.22"]
[EventType "tourn (blitz)"]
[EventRounds "15"]
[EventCountry "GBR"]
[SourceTitle "BritBase"]
[Source "John Saunders"]
[SourceDate "2025.11.23"]
[SourceVersion "1"]
[SourceVersionDate "2025.11.23"]
[SourceQuality "1"]

1. e4 e6 2. d4 d5 3. Nd2 dxe4 4. Nxe4 Nd7 5. Nf3 Ngf6 6. Nxf6+ Nxf6 7. c3 Be7 8. Bd3 Bd7 9. Ne5 h6 10. O-O O-O 11. Qf3 c6 12. Qg3 Kh8 13. Bc2 Bd6 14. Qd3 Qe7 15. h3 h5 16. Bg5 Rad8 17. Bxf6 Qxf6 18. Qh7# 1-0

[Event "UK Women's Blitz Championship"]
[Site "Leamington"]
[Date "2025.11.22"]
[Round "13.7"]
[White "Varney, Zoe"]
[Black "Sivanandan, Bodhana"]
[Result "1-0"]
[WhiteElo "1931"]
[BlackElo "2291"]
[PlyCount "153"]
[EventDate "2025.11.22"]
[EventType "tourn (blitz)"]
[EventRounds "15"]
[EventCountry "GBR"]
[SourceTitle "BritBase"]
[Source "John Saunders"]
[SourceDate "2025.11.23"]
[SourceVersion "1"]
[SourceVersionDate "2025.11.23"]
[SourceQuality "1"]

1. e4 e5 2. Nf3 Nf6 3. Nc3 Nc6 4. d4 exd4 5. Nxd4 Bb4 6. Nxc6 bxc6 7. Bd3 d5 8. exd5 cxd5 9. O-O O-O 10. Bg5 c6 11. Qf3 Re8 12. Bxf6 Qxf6 13. Qxf6 gxf6 14. Ne2 Bd6 15. Ng3 Rb8 16. b3 Be6 17. Rad1 Bg4 18. Rde1 Bb4 19. Rxe8+ Rxe8 20. Nf5 Bxf5 21. Bxf5 h6 22. Bd7 Re2 23. Bxc6 d4 24. Rc1 Ba3 25. Kf1 Rd2 26. Re1 Rxc2 27. Re8+ Kg7 28. Bd5 d3 29. Re1 Bc5 30. Rd1 Rxf2+ 31. Ke1 Re2+ 32. Kf1 Rxa2 33. Rxd3 Ra1+ 34. Ke2 Ra2+ 35. Rd2 Ra6 36. Bc4 Rb6 37. Rd7 a5 38. Rxf7+ Kg6 39. Rc7 Bb4 40. Bd3+ f5 41. Bc4 Rd6 42. Rb7 Kg5 43. Rg7+ Kf6 44. Rh7 Kg6 45. Rc7 Rd2+ 46. Kf3 Kg5 47. Rg7+ Kf6 48. Rb7 Rc2 49. Rf7+ Kg6 50. Rb7 Rc3+ 51. Ke2 Rc2+ 52. Kf3 Bc5 53. Rc7 Bd4 54. Bf7+ Kf6 55. Rxc2 Kxf7 56. Rd2 Bc3 57. Rd6 Kg7 58. Kf4 Bb4 59. Rb6 Bc5 60. Rb5 Bb4 61. Kxf5 Kf7 62. Rb7+ Ke8 63. Ke6 Kf8 64. Kf6 Bc3+ 65. Kg6 Bd2 66. Rd7 Be3 67. Rh7 Bg5 68. Rxh6 Bxh6 69. Kxh6 Ke7 70. g4 Kd6 71. g5 Kc5 72. g6 Kb4 73. g7 Kxb3 74. g8=Q+ Kb2 75. Qc4 Ka3 76. h4 a4 77. h5 1-0

[Event "UK Women's Blitz Championship"]
[Site "Leamington"]
[Date "2025.11.22"]
[Round "13.8"]
[White "Mirzoeva, Elmira"]
[Black "Hng, Mei-Xian Eunice"]
[Result "1/2-1/2"]
[WhiteElo "2122"]
[BlackElo "2000"]
[PlyCount "104"]
[EventDate "2025.11.22"]
[EventType "tourn (blitz)"]
[EventRounds "15"]
[EventCountry "GBR"]
[SourceTitle "BritBase"]
[Source "John Saunders"]
[SourceDate "2025.11.23"]
[SourceVersion "1"]
[SourceVersionDate "2025.11.23"]
[SourceQuality "1"]

1. Nf3 Nf6 2. b3 g6 3. Bb2 Bg7 4. g3 d5 5. c4 c6 6. Bg2 O-O 7. O-O Bg4 8. Ne5 Be6 9. d4 Nbd7 10. Nd2 Nxe5 11. dxe5 Nd7 12. cxd5 cxd5 13. f4 Nc5 14. Bd4 Rc8 15. e4 dxe4 16. Nxe4 Nxe4 17. Bxe4 b6 18. Bb2 Qc7 19. Rc1 Qb8 20. Qe2 Rxc1 21. Rxc1 Rc8 22. Qa6 Rxc1+ 23. Bxc1 Qc7 24. Bd2 Qc5+ 25. Kg2 Bd5 26. Qd3 Bxe4+ 27. Qxe4 Qc7 28. Be3 e6 29. Bd2 Bf8 30. h4 Qd7 31. Be3 Qd1 32. Qf3 Qc2+ 33. Qf2 Qe4+ 34. Qf3 Qc2+ 35. Qf2 Qc6+ 36. Qf3 Qb5 37. h5 Qd3 38. hxg6 hxg6 39. g4 Qc2+ 40. Qf2 Qc6+ 41. Qf3 Qc2+ 42. Qf2 Qe4+ 43. Qf3 Qc2+ 44. Qf2 Qd1 45. Qf3 Qe1 46. Qf2 Qd1 47. Kg3 Qb1 48. Kg2 Qe4+ 49. Qf3 Qc2+ 50. Qf2 Qe4+ 51. Qf3 Qc2+ 52. Qf2 Qe4+ 1/2-1/2

[Event "UK Women's Blitz Championship"]
[Site "Leamington"]
[Date "2025.11.22"]
[Round "14.1"]
[White "Orlovska, Madara"]
[Black "Hng, Mei-Xian Eunice"]
[Result "0-1"]
[WhiteElo "2052"]
[BlackElo "2000"]
[PlyCount "150"]
[EventDate "2025.11.22"]
[EventType "tourn (blitz)"]
[EventRounds "15"]
[EventCountry "GBR"]
[SourceTitle "BritBase"]
[Source "John Saunders"]
[SourceDate "2025.11.23"]
[SourceVersion "1"]
[SourceVersionDate "2025.11.23"]
[SourceQuality "1"]

1. d4 Nf6 2. Bf4 e6 3. e3 c5 4. c3 Qb6 5. Qc2 Be7 6. Nf3 O-O 7. Bd3 h6 8. O-O Nh5 9. Be5 d6 10. dxc5 Qxc5 11. Bd4 Qc7 12. c4 Nc6 13. Bc3 e5 14. Na3 a6 15. Bh7+ Kh8 16. Bf5 Nf6 17. Bxc8 Qxc8 18. c5 Qe6 19. cxd6 Bxd6 20. Rad1 Rac8 21. b3 Bxa3 22. b4 Bxb4 23. Bxb4 Nxb4 24. Qb2 Nc6 25. Qxb7 e4 26. Nd4 Nxd4 27. Rxd4 Rb8 28. Qa7 Qb6 29. Qe7 Qe6 30. Qa3 Rfd8 31. Ra4 Rb6 32. h3 Rdb8 33. Kh2 Qd6+ 34. Qxd6 Rxd6 35. Rc1 Rb2 36. Kg3 Rd5 37. f4 exf3 38. Kxf3 Rf5+ 39. Rf4 Rxf4+ 40. exf4 Rxa2 41. g4 Ra3+ 42. Kg2 Rd3 43. Ra1 Rd6 44. Kf3 g6 45. h4 Kg7 46. Ra4 Rd3+ 47. Ke2 Rd6 48. Kf3 Rb6 49. f5 g5 50. hxg5 hxg5 51. Kg3 Nd5 52. Ra5 Nf4 53. Kf3 Rb3+ 54. Kf2 Rb2+ 55. Kf3 Rb6 56. Kf2 Kf6 57. Kf3 Ke7 58. Re5+ Kd6 59. Re8 Kc5 60. Re7 f6 61. Re4 a5 62. Re8 a4 63. Ra8 Kb4 64. Ke4 a3 65. Kd4 Kb3 66. Kc5 Rb4 67. Ra6 a2 68. Rxa2 Nd3+ 69. Kd6 Kxa2 70. Ke6 Rxg4 71. Kxf6 Rg3 72. Kg6 Rg1 73. Kg7 Ne5 74. f6 g4 75. f7 g3 0-1

[Event "UK Women's Blitz Championship"]
[Site "Leamington"]
[Date "2025.11.22"]
[Round "14.2"]
[White "Sivanandan, Bodhana"]
[Black "Mirzoeva, Elmira"]
[Result "1-0"]
[WhiteElo "2291"]
[BlackElo "2122"]
[PlyCount "184"]
[EventDate "2025.11.22"]
[EventType "tourn (blitz)"]
[EventRounds "15"]
[EventCountry "GBR"]
[SourceTitle "BritBase"]
[Source "John Saunders"]
[SourceDate "2025.11.23"]
[SourceVersion "1"]
[SourceVersionDate "2025.11.23"]
[SourceQuality "1"]

1. e4 c6 2. d4 d5 3. Nd2 dxe4 4. Nxe4 Bf5 5. Ng3 Bg6 6. h4 h6 7. Nf3 e6 8. Ne5 Bh7 9. Bd3 Bxd3 10. Qxd3 Nd7 11. Qe2 Ngf6 12. c3 Be7 13. O-O O-O 14. Re1 c5 15. Be3 Nd5 16. Nxd7 Qxd7 17. dxc5 Nxe3 18. Qxe3 Qc6 19. Ne4 Bxh4 20. Rad1 Rad8 21. b4 Be7 22. Qf4 Rd5 23. Rxd5 Qxd5 24. Qd2 Qxd2 25. Nxd2 Rd8 26. Nf3 Bf6 27. c4 Bc3 28. Rb1 f5 29. Rb3 Bf6 30. a3 Kf7 31. Re3 Rd1+ 32. Kh2 Ra1 33. b5 Ke7 34. Rd3 Rc1 35. c6 bxc6 36. bxc6 Rxc4 37. Rd7+ Ke8 38. Rxa7 Rxc6 39. a4 Rc2 40. Kg1 e5 41. g3 e4 42. Nh4 Bd4 43. Ra8+ Kd7 44. Nxf5 Bxf2+ 45. Kf1 e3 46. Ra7+ Kd8 47. Rxg7 Rc1+ 48. Ke2 Re1+ 49. Kf3 Bg1 50. Nd4 Rf1+ 51. Kg2 Rd1 52. Ne2 Bf2 53. a5 Rd2 54. Kf3 Ra2 55. Ra7 Kc8 56. Ra6 h5 57. Rc6+ Kb7 58. Rc5 Ka6 59. Rxh5 Rxa5 60. Rxa5+ Kxa5 61. g4 Kb6 62. g5 Bh4 63. g6 Bf6 64. Nf4 Kc6 65. Kxe3 Kd6 66. Ke4 Bc3 67. Kf5 Bg7 68. Nh5 Bh8 69. Kg5 Ke7 70. Kh6 Kf8 71. Kh7 Be5 72. Kh6 Bh8 73. Nf4 Ke7 74. Kh7 Be5 75. Nd3 Bf6 76. Kg8 Bd4 77. Nf4 Kf6 78. Kh7 Ke7 79. Ne2 Bf6 80. Nf4 Be5 81. Nd3 Bf6 82. Kg8 Bd4 83. Nf4 Kf6 84. Kh7 Ke7 85. Nd5+ Kd6 86. Nb4 Be5 87. Nd3 Bd4 88. Nf4 Ke7 89. Nd5+ Kd6 90. Nb4 Be5 91. Kg8 Bd4 92. Kf7 Kc5 1-0

[Event "UK Women's Blitz Championship"]
[Site "Leamington"]
[Date "2025.11.22"]
[Round "14.3"]
[White "Yuan, Alice"]
[Black "Varney, Zoe"]
[Result "0-1"]
[WhiteElo "1586"]
[BlackElo "1931"]
[PlyCount "70"]
[EventDate "2025.11.22"]
[EventType "tourn (blitz)"]
[EventRounds "15"]
[EventCountry "GBR"]
[SourceTitle "BritBase"]
[Source "John Saunders"]
[SourceDate "2025.11.23"]
[SourceVersion "1"]
[SourceVersionDate "2025.11.23"]
[SourceQuality "1"]

1. d4 d5 2. Bf4 c5 3. e3 Nf6 4. Nf3 e6 5. c3 Bd6 6. Bxd6 Qxd6 7. Nbd2 O-O 8. Bd3 Nbd7 9. O-O e5 10. dxe5 Nxe5 11. Nxe5 Qxe5 12. h3 b6 13. Re1 Bb7 14. Qb1 Rfe8 15. c4 Rad8 16. b3 Qc3 17. Qc2 d4 18. Qxc3 dxc3 19. Nf3 Rxd3 20. Rac1 Bxf3 21. gxf3 Red8 22. Kg2 a6 23. Rc2 b5 24. cxb5 axb5 25. a3 b4 26. axb4 cxb4 27. Kg3 h6 28. f4 Ne4+ 29. Kg2 Rd2 30. Rxd2 cxd2 31. Rd1 Nc3 32. Rxd2 Rxd2 33. Kf3 f5 34. Kg3 Ne4+ 35. Kf3 Rxf2# 0-1

[Event "UK Women's Blitz Championship"]
[Site "Leamington"]
[Date "2025.11.22"]
[Round "14.4"]
[White "Bahtiyorova, Nodirabegim"]
[Black "Barwick, Carmel J"]
[Result "0-1"]
[WhiteElo "1817"]
[BlackElo "1831"]
[PlyCount "146"]
[EventDate "2025.11.22"]
[EventType "tourn (blitz)"]
[EventRounds "15"]
[EventCountry "GBR"]
[SourceTitle "BritBase"]
[Source "John Saunders"]
[SourceDate "2025.11.23"]
[SourceVersion "1"]
[SourceVersionDate "2025.11.23"]
[SourceQuality "1"]

1. e4 c5 2. Nf3 e6 3. d4 cxd4 4. Nxd4 Nf6 5. Bd3 Nc6 6. Nxc6 bxc6 7. c4 d5 8. exd5 cxd5 9. O-O Be7 10. b3 dxc4 11. Bxc4 Qxd1 12. Rxd1 O-O 13. Bb2 a5 14. Nc3 Ba6 15. Nb5 Rab8 16. a4 Ne4 17. Rac1 Bc5 18. Bd4 Bb4 19. Kf1 Nd2+ 20. Ke2 Nxc4 21. bxc4 f6 22. Bc3 Bc5 23. Bxa5 e5 24. Bd2 Bb7 25. f3 Ra8 26. Ra1 Bd4 27. Ra2 Bc6 28. Be3 Rfb8 29. Bxd4 exd4 30. Rxd4 Bxb5 31. cxb5 Rxb5 32. Kd3 Rba5 33. Kc3 Rb8 34. Rb4 Rc8+ 35. Rc4 Rb8 36. Rb2 Rba8 37. Kb3 Rb8+ 38. Ka3 Rba8 39. Rb7 Rd8 40. Rb5 Ra7 41. Rc3 Rda8 42. Rb4 Kf7 43. Kb3 Ra5 44. Rc2 R8a7 45. Ra2 Ke7 46. Rb5 R5a6 47. Kb4 Rd6 48. a5 Kd7 49. Rc2 Rd4+ 50. Rc4 Rd2 51. Rc3 Rxg2 52. Rd3+ Ke7 53. Rb6 Rb2+ 54. Kc3 Rxb6 55. axb6 Rb7 56. Re3+ Kf7 57. Rd3 Rxb6 58. Rd7+ Kg6 59. Rd2 Re6 60. Rf2 Kf5 61. Kd3 Kf4 62. Rg2 g5 63. Kd2 Kxf3 64. Rg1 Kf4 65. Kd3 h5 66. Kd2 g4 67. Rf1+ Kg5 68. Rg1 f5 69. Kd3 f4 70. Rf1 f3 71. Ra1 Kh4 72. Ra5 Re2 73. Rxh5+ Kxh5 0-1

[Event "UK Women's Blitz Championship"]
[Site "Leamington"]
[Date "2025.11.22"]
[Round "14.5"]
[White "Rida, Ruqayyah"]
[Black "Hariharan, Shambavi"]
[Result "1/2-1/2"]
[WhiteElo "2072"]
[BlackElo "1978"]
[PlyCount "141"]
[EventDate "2025.11.22"]
[EventType "tourn (blitz)"]
[EventRounds "15"]
[EventCountry "GBR"]
[SourceTitle "BritBase"]
[Source "John Saunders"]
[SourceDate "2025.11.23"]
[SourceVersion "1"]
[SourceVersionDate "2025.11.23"]
[SourceQuality "1"]

1. e4 e5 2. Nf3 Nc6 3. Bc4 Bc5 4. c3 Nf6 5. d3 a6 6. Bb3 d6 7. O-O O-O 8. h3 h6 9. Re1 Re8 10. Bc2 Ba7 11. Nbd2 Be6 12. Nf1 Ne7 13. Ng3 Qd7 14. Be3 Bxe3 15. Rxe3 Ng6 16. d4 c6 17. Qe1 Qc7 18. Rd1 Rad8 19. a4 Nf4 20. Ne2 Nxe2+ 21. Qxe2 Nh5 22. Bb1 Nf4 23. Qc2 Qb6 24. b4 Qc7 25. Ree1 Qe7 26. d5 Bd7 27. c4 Qf6 28. Re3 Qg6 29. Nh4 Qg5 30. g3 Nxh3+ 31. Kh2 Qh5 32. Qe2 Qxe2 33. Rxe2 Ng5 34. f3 cxd5 35. Rxd5 Bxa4 36. Kg2 Ne6 37. Nf5 Bc6 38. Rxd6 Rxd6 39. Nxd6 Rd8 40. Nf5 Kf8 41. Rb2 Nd4 42. Nxd4 Rxd4 43. b5 axb5 44. cxb5 Bd7 45. Kf2 Ke7 46. Ke3 Kd6 47. Ba2 f6 48. Bd5 b6 49. f4 g5 50. Rh2 gxf4+ 51. gxf4 Bxb5 52. fxe5+ fxe5 53. Rxh6+ Kc5 54. Re6 Rd3+ 55. Kf2 Kd4 56. Rxb6 Bc4 57. Bb7 Rd2+ 58. Kg3 Ke3 59. Kg4 Bd3 60. Rb3 Kd4 61. Rb4+ Kc5 62. Rb3 Kd4 63. Kg5 Rf2 64. Rb6 Ke3 65. Rb3 Kd4 66. Rb6 Rf4 67. Rb4+ Ke3 68. Rb3 Kd4 69. Rb4+ Ke3 70. Rb3 Kd4 71. Rb4+ 1/2-1/2